000 00629nam a2200181Ia 4500
008 190805s9999||||xx |||||||||||||| ||und||
020 _a9789351108313
_cRs. 725.00
082 0 4 _a658.780954
_bH2247
100 1 _aHariharan, K. V.
245 1 0 _aContainerisation, Multimodal Transport and Infrastructure Development in India /
_cK. V. Hariharan, K. H. Viswanathan
250 _a6th ed.
260 _aMumbai :
_bShroff Publishers & Distributors Pvt Ltd,
_c2014
300 _axiv, 789 p.
_b : col. ill.
_c; 22 cm.
650 0 _aContainerization
_vTextbooks
700 1 _aViswanathan, K. H.
942 _cBK
999 _c90
_d90